00772nam a22002177a 45000010005000000030006000050050017000110080041000280200018000690400029000870820019001161000018001352450037001532600047001903000048002374900025002855050008003105200187003185210029005055210020005348287FISKH20250908142821.0250908b cb ||||| |||| 00| 0 eng d a9781740898126 aFISKHbengcFISKHdFISKH a623.82 ODG t/3 aOdgers, Sally aThe titanic / cBy Sally Odgers  aSydney :bWeldon Owen Publishing , c2008. a31 pages : bcolor illustrations ;c23 cm.  aTopReaders vStage 3 aK  aThis is the story of the Titanic, the doomed ocean liner. On her very first voyage, the ship left Europe for the USA, but never arrived at its destination. What could have happened? 8 a510 bLexile estimate 8 aK bRaz-Plus